| 000 | 00848nas a2200265 4500 | ||
|---|---|---|---|
| 001 | BR0900936 | ||
| 003 | BR-BrBNA | ||
| 005 | 20231205113144.0 | ||
| 007 | ta | ||
| 008 | 230509b bl.|||p| |||| 00| 00por d | ||
| 040 |
_aBR-BrBNA _bpor _cBiblioteca Nacional de Agricultura |
||
| 041 | _a(Pt) | ||
| 072 | _aF04 | ||
| 100 | 1 | _aSilva, M.N.B. | |
| 100 | 1 | _aBeltrão, N.E. de M. | |
| 100 | 1 | _aCardoso, G.D. | |
| 245 | 1 | _aAdubação do algodão colorido BRS 200 em sistema orgânico no Seridó Paraíbano. | |
| 650 | _aALGODÃO | ||
| 650 | _aADUBAÇÃO | ||
| 650 | _aSISTEMA ORGÂNICO | ||
| 650 | _aSERIDÓ PARAIBANO | ||
| 773 | 0 |
_tAgriambi - Revista Brasileira de Engenharia Agrícola e Ambiental (Brazil) _xISSN 1415-4366 _g(Apr-Jun 2005), v. 9(2) p. 222-228 _wBR0900936 |
|
| 909 |
_a202311 _bLúcia _c55 _dLúcia Elande |
||
| 942 |
_2AGRIS _n0 _cANA |
||
| 999 |
_c202161 _d202161 |
||